000 00376nam a2200145Ia 4500
008 100204s9999 xx 000 0 und d
082 _b13644
100 _aशहाणे मनोहर
245 _aझाकोळ
260 _bनिनावी प्रकाशन
300 _a164
630 _aझाकोळ
730 _aझाकोळ
942 _cBOOK
999 _c458076
_d458073